Úspešnosť firmy ako jeden z predpokladov k lojalite zákazníkov diplomová práca

Guardado en:
Detalles Bibliográficos
Autor principal: Partl, Tomáš
Autor Corporativo: Obchodná fakulta EU. Katedra marketingu
Otros Autores: Lukačovičová, Zuzana
Formato: Libro
Lenguaje:eslovaco
Publicado: Bratislava 2010
Etiquetas: Agregar Etiqueta
Sin Etiquetas, Sea el primero en etiquetar este registro!

MARC

LEADER 00000nam a2200000 4500
001 0122113
005 20240318123708.6
041 0 |a slo 
044 |a SK 
245 1 0 |a Úspešnosť firmy ako jeden z predpokladov k lojalite zákazníkov  |b diplomová práca  |c Tomáš Partl ; škol. Zuzana Lukačovičová 
264 1 |a Bratislava  |c 2010 
300 |a 74 s. 
100 1 |a Partl, Tomáš 
700 1 |a Lukačovičová, Zuzana 
710 2 |a Obchodná fakulta EU. Katedra marketingu